[Event "Alushta"]
[Site "Alushta"]
[Date "1999.03.11"]
[Round "9"]
[White "Rogovski, Vladimir"]
[Black "Rakhmangulov, Andrei"]
[Result "0-1"]
[WhiteElo "2455"]
[BlackElo "2417"]
[Annotator "Tsesarsky,I"]
[PlyCount "138"]
[EventDate "1999.03.03"]
[EventType "tourn"]
[EventRounds "11"]
[EventCountry "UKR"]
[EventCategory "10"]
[SourceTitle "CBM 070"]
[Source "ChessBase"]
[SourceDate "1999.06.08"]
[SourceVersion "1"]
[SourceVersionDate "1999.06.08"]
[SourceQuality "1"]

{[%mdl 28672]} 1. e4 d6 2. d4 Nf6 3. Nc3 g6 4. Be2 Bg7 5. Nf3 O-O 6. O-O Bg4 7.
Be3 Nc6 8. Qd2 Bxf3 9. Bxf3 e5 10. d5 (10. dxe5 Nxe5 (10... dxe5 11. Rad1 Qe7 (
11... Qxd2 12. Rxd2 Nd8 13. Nd5 Ne6 14. c3 h5 15. Nxf6+ Bxf6 16. Rd7 Rfd8 17.
Rfd1 Rxd7 18. Rxd7 Kf8 19. Bd1 Rd8 20. Rxd8+ Bxd8 21. Bxa7 $16 {0-1 Arnold,
F-Brito,A/ESP-tt A, Oropesa del Mar ESP 1996 (48)}) 12. Qc1 Rfd8 13. Rxd8+ Rxd8
14. Rd1 Nd4 15. Bxd4 exd4 16. Nd5 {1/2-1/2 Kushch,N-Rakhmangulov,A/Kherson
Ukraine 1990 (16)}) 11. Be2 Re8 (11... Qd7 12. f4 Nc6 13. Kh1 Rfe8 14. Bf3 Rad8
15. Rae1 Kh8 16. Bf2 Ne7 17. h3 b6 18. Qd3 $14 {1/2-1/2 Rath,U-Hoi,C/Esbjerg
1978 (28)}) 12. Rad1 a6 13. Bh6 (13. Bg5 Qc8 14. f4 Ned7 15. Bf3 $14 (15. e5
dxe5 16. f5 $15 {0-1 Sisniega,M-Zapata,A/Novi Sad olm MEX-COL 1990 (31)}))
13... Bh8 14. Bg5 Qc8 15. f4 Ned7 16. Bf3 $14 (16. e5 dxe5 17. fxe5 Rxe5 18.
Bc4 Nb6 19. Bb3 Rf5 $44 {1/2-1/2 Genin,A-Savon Vladimir A/ch URS tt (1/2 final)
Baku (Azerbaijan) 1964/Inf 01 (50)})) 10... Ne7 (10... Nd4 $2 11. Bxd4 exd4 12.
Nb5 Nd7 13. Nxd4 Qh4 14. g3 Qf6 15. c3 $16 {1-0 Sahakian,N-Falcon,A/Oropesa
del Mar ESP 1998 (47)}) 11. Rad1 Nd7 (11... Ne8 12. Be2 f5 13. exf5 gxf5 14. f4
Ng6 15. Qd3 (15. g3 $14) 15... Qd7 16. Bh5 $14 {1-0 Jackson-James/British ch
Torquay 1982 (42)}) (11... a6 12. a4 Ne8 13. Be2 f5 14. f3 f4 15. Bf2 g5 16. b4
Ng6 17. Nb1 Rf7 18. c4 h5 19. c5 $14 {0-1 Evans,D-Nika,K/Thessaloniki olw ,BIG
1984 (56)}) 12. Be2 (12. h4 f5 13. exf5 gxf5 14. g3 f4 15. gxf4 Ng6 $17 {
0-1 Puurunen,O-Rutanen,E/cr ch-SF sr 1993 (24)}) 12... f5 (12... a6 13. a4 h5
14. f4 exf4 15. Bxf4 Ne5 16. Rf2 Qe8 17. Rdf1 $14 {0-1 Vasquez De la Paz,
J-Torre,E/Buenos Aires 1978 (49)}) 13. f4 (13. exf5 gxf5 14. f3 (14. f4 $5 $14)
14... Ng6 15. b4 Nf6 16. Rfe1 Nh5 17. Nb5 (17. Bf1 e4 18. fxe4 f4 19. Bf2 Ne5
$44) 17... a6 18. Na3 Bf6 $132 {0-1 Ponomarev,B-Rakhmangulov,A/Kherson Ukraine
1990 (40)}) 13... Bh6 14. fxe5 (14. Rde1 fxe4 15. fxe5 Bxe3+ 16. Qxe3 Rxf1+ 17.
Rxf1 Nf5 18. Qxe4 Nxe5 19. Bg4 Nxg4 20. Qxg4 Qf6 $11) 14... Bxe3+ 15. Qxe3 Nxe5
16. Nb5 (16. Rde1 fxe4 17. Qxe4 Rxf1+ 18. Rxf1 Nf5 (18... Qd7 $2 19. Bb5 c6 20.
Bc4 Kg7 21. Qf4 Nxc4 22. Qf7+ Kh8 23. dxc6 bxc6 24. Qxc4 (24. Ne4 Ne5 25. Qf6+
Kg8 26. Qxe5 dxe5 27. Nf6+ Kf7 28. Nxd7+ Ke6 29. Nf8+ $16) 24... Nf5 25. g4 $16
) 19. Bg4 Nxg4 20. Qxg4 Qf6 $11) 16... Qd7 17. Nd4 (17. c4 fxe4 18. Rxf8+ Rxf8
(18... Kxf8 $2 19. Rf1+ Kg7 20. Qxe4 Nf5 21. Bg4 Nxg4 22. Qxg4 Re8 23. Nd4 $1 (
23. Nxa7 Re5 (23... Ra8 24. Nb5 h5 25. Qh3 $16) 24. Nb5 Qe7 25. Qf3 Re3 $44)
23... Re5 24. Ne6+ Kg8 25. Qg5 $16) 19. Qxa7 Nf5 20. Rf1 (20. Qxb7 Ne3 $19) (
20. Nc3 b6 21. Nxe4 Ne3 $19 {[%cal Gd7f5]}) 20... c5 21. dxc6 bxc6 22. Qxd7
Nxd7 23. g4 cxb5 24. gxf5 gxf5 25. cxb5 f4 (25... d5 26. a4 $13) 26. a4 Ne5
$132) 17... fxe4 18. Qxe4 Rxf1+ (18... c6 19. dxc6 bxc6 20. Rxf8+ Rxf8 21. c4
$14) 19. Rxf1 c6 20. dxc6 bxc6 21. Rd1 Rd8 22. c4 (22. Nf3 Nxf3+ 23. Bxf3 d5
24. Qb4 Nf5 25. Bg4 Qd6 26. Qa5 Ne3 $132) 22... Nf5 23. c5 $6 (23. Nxf5 Qxf5 (
23... gxf5 24. Qd4 $16) 24. Qxf5 gxf5 25. Kf2 $14) 23... Nxd4 $2 $16 (23... d5
$1 24. Qxe5 (24. Qf4 Nxd4 25. Qxd4 Qe7 $132) 24... Re8 25. Qf6 Nxd4 26. Bd3 (
26. Qxd4 Rxe2 27. Rd2 Re1+ 28. Kf2 Qe7 $17) 26... Ne2+ 27. Bxe2 Rxe2 28. Rf1
Qe8 $11) 24. Qxd4 Qc7 (24... Nf7 25. cxd6 Qxd6 26. Qe3 Qc7 27. Rxd8+ Nxd8 (
27... Qxd8 28. Qxa7 $16) 28. Bc4+ Kg7 29. Qd4+ Kh6 30. Qf6 $16) 25. cxd6 Qb6
26. Qxb6 (26. Rd2 $16) 26... axb6 27. Kf2 Kf7 (27... Nf7 28. Bf3 c5 29. Bd5 $16
) 28. Kg3 h6 29. Kf4 Ke6 30. d7 b5 (30... Rxd7 31. Rxd7 Nxd7 32. Bg4+ Kd6 33.
Bxd7 Kxd7 34. Ke5 $18) 31. a3 Rf8+ (31... g5+ 32. Ke4 Rxd7 33. Rxd7 Nxd7 34.
Bg4+ $18) 32. Ke4 Rd8 33. h4 h5 34. Kf4 Nxd7 35. Kg5 (35. g4 $1 Rh8 (35... Rf8+
36. Kg5 Nf6 37. Re1 hxg4 38. Bxg4+ Kd5 39. Bf3+ Kd6 40. Kxg6 $18) 36. Kg5 Ne5
37. gxh5 gxh5 38. Rf1 Rg8+ 39. Kxh5 Rh8+ 40. Kg5 Rg8+ 41. Kf4 Ng6+ 42. Kg3 $16)
35... Rg8 36. Rf1 (36. g4 $16) 36... Ne5 37. Bf3 $4 $132 (37. Bd1 {[%cal Gd1b3]
} c5 38. Rf6+ Ke7 39. Bf3 Rf8 40. Rxf8 Kxf8 41. Kf6 Nc4 (41... Nd3 42. b3 $18)
42. b4 Nxa3 43. bxc5 b4 44. c6 Nb5 45. Bd1 $18) 37... Rd8 38. Rf2 (38. Be4 Rd2
39. Rf6+ Ke7 40. b4 Ra2 41. Bxc6 Rxa3 42. Bxb5 Rb3 (42... Rg3+ 43. Kf4 Kxf6 44.
Kxg3 $18) (42... Nf7+ $1 43. Kxg6 Rg3+ 44. Kf5 Nd6+ 45. Ke5 Re3+ (45... Nxb5
46. Rh6 Rxg2 $11) 46. Kd5 Kxf6 47. Kxd6 Re4 48. Kc5 $15) 43. Rf4 Rg3+ 44. Kh6
Rxg2 $132) 38... Rd4 39. Re2 c5 40. Re4 (40. Be4 Kf7 $11) 40... Kd5 $1 41.
Rxd4+ $4 $19 {Probably White it seemd that this endgame to their benefit,
however it is hopeless...} (41. Re2+ Ke6 $11 (41... Nxf3+ 42. gxf3 b4 43. axb4
Rxb4 44. Rd2+ Ke6 45. f4 $16)) 41... Kxd4 42. Kf6 (42. Be2 c4 43. Bd1 (43. Kf6
Nd3 $19) 43... Nd3 44. b3 c3 $19) 42... c4 43. Bd1 Nd3 44. b3 (44. Kxg6 Nxb2
45. Bc2 (45. g4 Nxd1 46. gxh5 c3 47. h6 c2 48. h7 c1=Q 49. h8=Q+ Kd3 50. Qd8+
Kc2 $19 {[%cal Gd1c3]}) 45... Kc3 (45... c3 46. Kxh5 Ke3 47. g4 Kd2 48. Bb3 Nd3
49. g5 Nc5 50. g6 Nxb3 51. g7 c2 52. g8=Q c1=Q 53. Qxb3 Qc5+ $16) 46. Bf5 Nd3
47. Kxh5 Kd2 $19) 44... c3 45. b4 (45. Kxg6 Nf4+ 46. Kg5 Nxg2 47. Kxh5 Ne3 $19)
45... Ke3 46. a4 (46. Kxg6 Kd2 47. Bb3 Nc1 $19) 46... Kd2 47. Bb3 Nc1 48. a5
Nxb3 49. a6 c2 50. a7 c1=Q 51. a8=Q Qc4 52. Qd8+ Nd4 53. Kxg6 Qxb4 54. g4 hxg4
55. h5 Qb1+ 56. Kg7 Qd3 57. Qg5+ Kc3 58. Qxg4 b4 59. Qc8+ Kb2 60. Qb8 b3 61. h6
Nf5+ 62. Kg6 Nd6+ 63. Kg7 Qd4+ 64. Kg6 Qg4+ 65. Kh7 Qe4+ 66. Kg7 Qe5+ 67. Kg8
Qe6+ 68. Kh7 Qf7+ 69. Kh8 Qg6 0-1

[Event "United Insurance 4th"]
[Site "Dhaka"]
[Date "1999.02.21"]
[Round "3"]
[White "Abdulla, Al Rakib"]
[Black "Wojtkiewicz, Aleksander"]
[Result "1-0"]
[WhiteElo "2406"]
[BlackElo "2570"]
[Annotator "Tsesarsky,I"]
[PlyCount "107"]
[EventDate "1999.02.19"]
[EventType "tourn"]
[EventRounds "13"]
[EventCountry "BAN"]
[EventCategory "10"]
[SourceTitle "CBM 070"]
[Source "ChessBase"]
[SourceDate "1999.06.08"]
[SourceVersion "1"]
[SourceVersionDate "1999.06.08"]
[SourceQuality "1"]

{[%mdl 13344]} 1. d4 g6 2. e4 Bg7 3. Nc3 d6 4. Nf3 a6 5. a4 Nf6 6. Be2 O-O 7.
O-O Nc6 8. d5 Nb4 9. a5 e6 10. Ra4 (10. h3 Re8 11. Bg5 h6 12. Be3 Bd7 13. Qd2
Kh7 14. Rfd1 $11 {1/2-1/2 Kovalev,A-Chernin,A/Tilburg3.16 1992 (17)}) (10. Bg5
exd5 11. exd5 h6 (11... Bf5 12. Nd4 $14) 12. Bh4 g5 13. Bg3 Bf5 14. Nd4 Bg6 15.
Bf3 $132 {0-1 Schoenau,W-Hirn,O/Bayern Oberliga 1995 (68)}) (10. Bf4 $6 exd5
11. exd5 Bf5 {[%csl Rc2,Rd5]} 12. Rc1 $142 (12. Ne1 $6 Re8 {0-1 Solak,D-Itkis,
B/Bucharest 1997/CBM 60/ (32)}) 12... Ne4 $15) (10. dxe6 $11) 10... c5 11. dxc6
(11. Bc4 exd5 12. exd5 b5 13. axb6 Qxb6 14. Ne2 Bd7 15. Ra3 Bb5 $11 {1-0
Kulashko,A-Smith,R/ch-NZL, Auckland 1997 (64)}) 11... Nxc6 12. Be3 (12. Bf4 d5
13. exd5 exd5 14. Bg5 Be6 15. Qd2 Nxa5 16. Nxd5 Qxd5 17. Rxa5 Qxd2 18. Nxd2 $11
) (12. Qd3 $5 Nxa5 13. e5 Ne8 14. exd6 b5 15. Ra1 Bd7 16. Bg5 f6 17. Bf4 e5 18.
Rxa5 Qxa5 19. Qd5+ Kh8 20. Qxa8 exf4 21. Rd1 $16) 12... Nxa5 $6 (12... d5 $1
13. Bb6 Qe7 14. exd5 exd5 15. Re1 Be6 $14) 13. e5 $1 Ne8 14. exd6 Nc6 (14... b5
15. Ra2 $1 (15. Rxa5 $2 Qxa5 16. d7 Bxd7 17. Qxd7 Bxc3 18. Qc6 $1 (18. bxc3
Qxc3 19. Bd3 Nf6 $15) 18... Nf6 19. Qxc3 Qxc3 20. bxc3 Rfc8 $15) 15... Bd7 (
15... Nxd6 16. Rxa5 Bxc3 17. bxc3 Qxa5 18. Qxd6 Qxc3 19. Qe7 $16) 16. Qd2 $14)
15. Bc5 Bd7 (15... b6 16. Ba3 Qd7 17. Qd2 Bb7 18. Rd1 $14) 16. Ra1 (16. Qd2 $14
) 16... Rc8 (16... b6 17. Ba3 b5 18. Bc5 b4 19. Na4 a5 20. Qc1 $14 {[%cal
Gf1d1]}) 17. Na4 $2 $15 (17. Qd2 Ne5 18. Ba3 Nc4 19. Bxc4 Rxc4 20. Rfd1 $14)
17... Nb8 (17... Nf6 18. Bb6 Qe8 19. c4 $14) 18. Bb6 Qf6 19. Bd4 Qf4 20. g3 $2
$17 (20. Nb6 Rd8 (20... Rc6 21. Nc4 (21. Bxg7 Kxg7 22. Ra4 Qf6 23. Nxd7 Nxd7
$17) 21... b5 (21... Bxd4 22. Qxd4 Qxd4 23. Nxd4 $16) 22. Be3 (22. g3 Qh6 23.
Be3 Qh3 24. Ncd2 Nxd6 25. Nd4 Bxd4 26. Bxd4 (26. Bg4 Qxf1+ 27. Nxf1 Bxb2 $15)
26... Rfc8 27. c3 Nf5 $15) 22... Qe4 23. Nfd2 Qh4 24. Nf3 Qd8 $17) 21. Bxg7
Kxg7 $15) 20... Qxd6 21. Bc5 Qxd1 22. Rfxd1 Bxa4 $5 (22... Bxb2 $5 {Black must
receive 2R against R+N+2P-a6,b7} 23. Ra2 (23. Nxb2 Rxc5 $19) 23... Bxa4 24.
Bxf8 Bxc2 (24... Rxc2 25. Bd3 Kxf8 26. Bxc2 Bxc2 27. Rf1 Bd3 28. Rxb2 Bxf1 29.
Rxb7 $44) 25. Rd2 Kxf8 26. Rxb2 Be4 27. Ng5 Bc6 (27... Bd5 28. Nxh7+ Ke7 29.
Rdc2 Rd8 30. Ng5 a5 $17) (27... Nf6 28. Nxe4 Nxe4 29. Rdc2 $17) 28. Nxh7+ Ke7
29. Ng5 f6 30. Nf3 Nd6 31. Nd4 Bd5 $17) 23. Bxf8 Bxc2 24. Rd2 Bxb2 (24... Kxf8
25. Rc1 Bxb2 26. Rcxc2 Rxc2 27. Rxc2 Bf6 $17) 25. Ra2 Kxf8 (25... Bf6 $142 26.
Raxc2 Rxc2 27. Rxc2 Kxf8 $17) 26. Rxb2 Be4 27. Ng5 Nf6 (27... Bc6 $1 28. Nxh7+
Ke7 $17) 28. Nxe4 Nxe4 29. Rdc2 Rxc2 30. Rxc2 Nd6 31. Bf3 Nd7 (31... Ke7 32.
Bxb7 $11) 32. Kf1 (32. Rc7 Ke7 33. Bxb7 Kd8 34. Rxd7+ Kxd7 35. Bxa6 Kc6 $17)
32... Ne5 (32... Ke7 $17) 33. Be2 Ke7 34. Ke1 Kd7 35. Kd2 b5 36. Ra2 a5 37. Kc3
Nec4 38. Ra1 (38. Bf3 Kc7 $19) 38... Kc6 39. Rd1 Ne4+ 40. Kd4 Nxf2 41. Bf3+ Kd6
(41... Kb6 $19) 42. Rf1 e5+ (42... Nh3 43. Be2 e5+ 44. Kc3 Nb6 45. Rxf7 b4+ 46.
Kb3 Ng5 47. Ra7 Ne6 48. Bf1 Nd4+ $19) 43. Kc3 e4 44. Be2 Nd3 (44... Ng4 $2 45.
Bxg4 Ne3 46. Rxf7 Nxg4 47. Rxh7 Ne5 48. Kd4 $132) 45. Rxf7 b4+ $4 $11 (45...
Nce5 46. Rxh7 b4+ 47. Kd4 Nc5 $19) 46. Kd4 b3 $4 $18 (46... Nd2 47. Ke3 Nc4+
48. Kxe4 Nc5+ 49. Kd4 Ne5 50. Rxh7 a4 51. Rh8 Ne6+ 52. Ke3 b3 53. Rb8 Nc6 54.
Ra8 Nc5 55. Bd1 Nb4 56. Rb8 Nc6 57. Ra8 $11) 47. Bxd3 $18 Ne5 (47... exd3 48.
Kxc4 b2 49. Rf1 $18) 48. Rf6+ Ke7 49. Kxe5 exd3 50. Rf2 a4 51. Kd4 a3 52. Kc3
b2 53. Rf1 Ke6 54. Kb3 1-0

[Event "RUS-Cup03 Geller Memorial"]
[Site "Moscow"]
[Date "1999.02.11"]
[Round "2"]
[White "Vorotnikov, Vladislav V"]
[Black "Bakhtadze, Giorgi"]
[Result "1/2-1/2"]
[WhiteElo "2463"]
[BlackElo "2384"]
[Annotator "Tsesarsky,I"]
[PlyCount "69"]
[EventDate "1999.02.10"]
[EventType "swiss"]
[EventRounds "9"]
[EventCountry "RUS"]
[SourceTitle "CBM 070"]
[Source "ChessBase"]
[SourceDate "1999.06.08"]
[SourceVersion "1"]
[SourceVersionDate "1999.06.08"]
[SourceQuality "1"]

1. Nf3 {[%mdl 20544]} Nf6 2. d4 g6 3. Nc3 Bg7 4. e4 d6 5. Bf4 c6 6. Qd2 O-O 7.
Bh6 b5 8. Bxg7 (8. a3 a5 (8... a6 9. h4 Nbd7 10. h5 e5 11. hxg6 fxg6 12. Bxg7
Kxg7 13. Ng5 $16 {1-0 Meyers,V-Heck,N/Giessen op 1992 (27)}) 9. Bd3 Bg4 10.
Bxg7 Kxg7 11. e5 dxe5 12. dxe5 Nfd7 13. Qg5 Bxf3 14. gxf3 f6 $15 {1/2-1/2
Stripunsky Alexander-Bologan Viktor/Ch Russia (club) Azov (Russia) (7) 1996 
(34)}) (8. Bd3 a6 (8... Bg4 9. h4 Bxf3 10. gxf3 Nh5 11. Ne2 e5 12. O-O-O Nd7
13. dxe5 Nxe5 14. Bxg7 Kxg7 15. f4 Nxd3+ 16. Qxd3 $14 {[%cal Gf4f5] 1-0 Mohr,
G-Mueller,A/Lienz ,EXT 1988 (59)}) 9. h4 Nh5 10. O-O-O Bg4 11. Rdg1 Bxf3 12.
gxf3 e5 13. Ne2 Qf6 (13... exd4 14. Bxg7 Kxg7 15. Nxd4 $16) 14. Bxg7 Kxg7 15.
Ng3 Nxg3 16. fxg3 $132 {0-1 Horvath,S-Clausen,S/Copenhagen 1986 (25)}) 8...
Kxg7 9. e5 (9. Bd3 Nbd7 (9... Bg4 10. e5 (10. Qe3 Bxf3 11. Qxf3 Nbd7 (11... e5
12. Ne2 Nbd7 13. O-O Re8 14. c3 Qb6 15. Rad1 d5 $1 $11 {0-1 Palacios De la
Prida,E-Strikovic,A/Osuna ,EXT 1991 (43)}) 12. Ne2 Qa5+ 13. c3 c5 14. O-O Rab8
15. a3 Qc7 16. h4 $14 {0-1 Huszar,G-Szabo,J/HUN-chT2 1994 (56)}) 10... Nfd7 11.
Ng5 dxe5 12. h3 Bf5 13. Bxf5 gxf5 14. dxe5 Nxe5 15. Qf4 Ng6 16. Qxf5 $14 e6 $2
{[%tqu "En","?","","","f5f7","",10]} 17. Qxf7+ $1 Rxf7 18. Nxe6+ Kf6 19. Nxd8
Re7+ 20. Kf1 b4 21. Nxc6 $1 $16 {1-0 Itkis,B-Bogdan,D/Bucharest Tim 1993 (40)})
(9... Qc7 10. e5 dxe5 (10... Nfd7 11. Qf4 dxe5 12. dxe5 Nc5 13. h4 Nxd3+ 14.
cxd3 h5 15. O-O Bf5 16. Nd4 Bxd3 17. Rfd1 $44 {1/2-1/2 Smith,R-Ker,A/Auckland
NZL ch 1996 (30)}) 11. dxe5 Nfd7 12. Qe3 Qb6 13. Qg5 f6 14. Qh4 Nc5 15. exf6+ (
15. O-O-O $14) 15... exf6 16. O-O-O $14 {1-0 Reinoehl,C-Dimitrijeski,K/
GER-chJT Leipzig ,JUN 1995 (30)}) (9... b4 10. Ne2 Qb6 11. e5 dxe5 12. dxe5 Ng4
13. O-O (13. Nf4 f6 14. exf6+ Rxf6 15. O-O Qc7 16. g3 e5 $17 {1/2-1/2 Salac,
J-Hajek Josef/Czech League 1996 (34)}) 13... Nd7 14. Qf4 Nc5 15. Bc4 f6 16. h3
fxe5 17. Qg5 Nf6 18. Qxe5 $16 {1-0 Grosar,A-Neumann,H/Yerevan olm 1996/EXT
96ch2 (20)}) 10. e5 dxe5 (10... Ne8 11. h4 h5 12. e6 fxe6 13. Bxg6 Kxg6 14.
Qg5+ Kh7 15. Qxh5+ Kg8 16. Qg6+ Ng7 17. Ng5 Nf6 18. Nce4 {1-0 Koranyi-Havasi/
HUN 1983 (18)}) 11. dxe5 Ng4 12. Qf4 Nc5 13. Be2 Qb6 14. O-O Bf5 15. Nd4 Nh6
16. Bf3 $14 {1/2-1/2 Schmidt-Starke/cr EU/M 1982 (41)}) 9... dxe5 10. Nxe5 Qd6
(10... Bf5 11. Be2 (11. O-O-O b4 $132) 11... b4 12. Na4 a5 13. Nc5 $14) 11. Be2
Nbd7 (11... b4 12. Na4 Nbd7 13. Nc4 Qd5 14. O-O Bb7 15. Rfe1 $14) 12. f4 (12.
Qe3 c5 $1 $132) 12... Nb6 (12... b4 13. Na4 Rd8 14. Bc4 (14. O-O-O $14) 14...
e6 15. O-O-O $14) 13. Bf3 (13. a3 Rd8 14. Bf3 $14 (14. O-O-O $2 a5 $17 {
[%csl Rc1][%cal Gb5b4]})) 13... b4 14. Ne4 Nxe4 15. Bxe4 f6 (15... Bb7 16.
O-O-O f6 17. Nd3 b3 $5 (17... Qxd4 18. Qxb4 $14) 18. axb3 Qxd4 19. Rhe1 $14)
16. Nxc6 Qe6 (16... Bb7 17. d5 Rfc8 (17... e6 18. Na5 (18. Nxb4 exd5 19. Bf3
Nc4 20. Qc3 Rfe8+ 21. Kf2 Rac8 $17) (18. Qxb4 Qxf4 $15) 18... Bxd5 19. O-O-O
Qc7 20. Rhe1 Rfd8 21. Qxb4 Rab8 22. Nb3 $44) 18. Rd1 e6 19. Bf3 a5 20. Nd4 Bxd5
$11) 17. Qe2 Bb7 (17... Ba6 18. Bd3 (18. f5 $1 gxf5 19. Bd3 Qxe2+ 20. Kxe2 Rfc8
(20... Bxd3+ 21. cxd3 (21. Kxd3 $16 {[%csl Rb4,Re7]})) 21. Bxa6 Rxc6 22. Bb7
Rxc2+ 23. Kd3 (23. Kf3 Rd8 $17) 23... Rxb2 24. Bxa8 Nxa8 25. a3 $14) 18...
Qxe2+ 19. Kxe2 Bb7 20. Na5 Bxg2 $132 {After 18.f5! this move is impossible!})
18. d5 (18. Bf3 Qxe2+ 19. Kxe2 Bxc6 20. Bxc6 Rac8 21. Be4 Rfd8 22. Rhd1 (22.
Kd3 $2 Na4 $17) 22... f5 23. Bd3 Rxd4 $11) 18... Nxd5 19. Bxd5 (19. Nd4 Qd7
$132) 19... Qxd5 20. Nxb4 Qxg2 21. Qxg2 Bxg2 22. Rg1 Be4 {Position of dynamic
balance here is kept.} 23. O-O-O (23. Rd1 a5 24. Nd3 Rac8 25. c3 Rfd8 26. Ke2
Kf7 $15) 23... Rab8 (23... Rfd8 24. Rge1 $132) 24. Nd5 (24. Rd4 $11) 24... Rfc8
(24... Kf7 25. Rge1 Bxd5 26. Rxd5 $11) 25. Ne3 (25. Rd2 Kf7 26. Re1 $11) 25...
Kf7 26. c4 (26. Rd4 $132) 26... Rc7 27. Rd4 f5 28. Rgd1 Ke6 29. b3 h6 30. h4 g5
$2 $16 (30... Rb6 31. Kb2 Rd6 $132) 31. hxg5 hxg5 32. fxg5 Rg8 33. Re1 $1 (33.
Rg1 Ke5 34. Rd2 e6 $132) 33... Kf7 (33... Rxg5 34. Nxf5 $16) 34. Rf1 (34. Rg1
e5 $132) 34... Kg6 35. Nd5 $16 (35. Nd5 Bxd5 36. Rxd5 Rf8 37. Rg1 Rh8 (37... f4
38. Kd2 f3 39. Ke3 $18) 38. Kc2 Rh2+ 39. Rd2 Rxd2+ 40. Kxd2 e5 41. Kc3 $16)
1/2-1/2

[Event "Oakham GM"]
[Site "Oakham"]
[Date "2001.03.31"]
[Round "3"]
[White "Krush, Irina"]
[Black "McNab, Colin Anderson"]
[Result "1-0"]
[WhiteElo "2380"]
[BlackElo "2403"]
[Annotator "Tyomkin,D"]
[PlyCount "91"]
[EventDate "2001.03.29"]
[EventType "tourn"]
[EventRounds "9"]
[EventCountry "ENG"]
[EventCategory "7"]
[SourceTitle "CBM 082 Extra"]
[Source "ChessBase"]
[SourceDate "2001.07.03"]
[SourceVersion "1"]
[SourceVersionDate "2001.07.03"]
[SourceQuality "1"]

1. e4 g6 2. d4 d6 3. Nc3 Bg7 4. Be3 Nf6 5. h3 c6 6. Nf3 Qa5 7. Nd2 Qc7 8. f4
O-O 9. g4 b5 10. e5 Nd5 11. Nxd5 cxd5 12. Bg2 Nc6 13. O-O Bb7 14. Rc1 Rad8 15.
c3 Na5 16. b3 Qb6 17. Qe1 b4 18. Nb1 Nc6 19. Qd2 dxe5 20. fxe5 f6 21. exf6 exf6
22. cxb4 Nxb4 23. a3 Na6 24. Nc3 Rfe8 25. Kh1 Kh8 26. b4 Qe6 27. Bf4 Qd7 28. b5
Nc7 29. Na4 Ne6 30. Nc5 Nxc5 31. Rxc5 Bf8 32. a4 Qe6 33. Rc7 Rd7 34. Rfc1 Rxc7
35. Rxc7 Qb6 36. Qd3 a5 37. Qd2 Bb4 38. Qf2 Be1 39. Qc2 Qxd4 40. Rxb7 Qxf4 41.
Qc6 Rd8 42. Rf7 {White is down a pawn, but white pieces are very active and
black king is more vulnerable.} Kg8 $2 {'Black just didn't stand a pressure,
and missed a way to create a counterplay.'} (42... Bh4 43. b6 Qe5 44. Qc7 $16 {
White controls the diagonal b8-h2, and that's why black doesn't have perpetual
check over here.}) ({The correct way for black was:} 42... Bb4 $1 {Intending
Bd6 and creating the counterplay on white king.} 43. Rxf6 (43. Qxf6+ Qxf6 44.
Rxf6 d4 $11) 43... Qe5 $132 {Bd6 is black's idea. Black is not worse here.})
43. Qb7 {'Intending Rg7 with the mate in few moves.'} Qh6 44. Qe7 {'Black is
defendless now.'} Rb8 45. Qxf6 Bh4 (45... Rd8 46. Qxd8+ Kxf7 47. Bxd5+ Kg7 48.
Qe7+ Kh8 49. Qf6+ Qg7 50. Qd8+ {mating.}) 46. Rf8+ (46. Rf8+ Rxf8 47. Bxd5+ {
with the mate.}) 1-0

[Event "FRA-ch 54th"]
[Site "Courchevel"]
[Date "1979.08.28"]
[Round "8"]
[White "Seret, Jean Luc"]
[Black "Sellos, Didier"]
[Result "0-1"]
[WhiteElo "2340"]
[BlackElo "2360"]
[Annotator "Villeneuve,A/Primel,D"]
[PlyCount "138"]
[EventDate "1979.08.20"]
[EventType "swiss"]
[EventRounds "11"]
[EventCountry "FRA"]
[SourceTitle "EXT 2009"]
[Source "ChessBase"]
[SourceDate "2008.11.26"]
[SourceVersion "1"]
[SourceVersionDate "2008.11.26"]
[SourceQuality "1"]

1. e4 g6 2. d4 Bg7 3. Nc3 d6 4. Be2 Nf6 5. Nf3 O-O 6. O-O Nc6 (6... Bg4 {
Levacic,D (2160)-Bernard,C (2280) FRA-ch 54th Courchevel 1979 (1) 1/2}) 7. d5 (
7. Be3 Bg4) 7... Nb8 (7... Nb4 $6 8. h3 (8. a3 Na6 9. Bxa6 bxa6 {Van Seters,
F-Rossolimo,N Hoogovens Beverwijk 1951 (7) 1/2}) 8... a5) (7... Ne5 8. Nxe5
dxe5 9. Be3 e6 10. Bc5 Re8 11. d6) 8. Bg5 (8. Re1) (8. h3 {la grande ligne})
8... h6 9. Be3 (9. Bf4 e5 10. dxe6 Bxe6 11. Qd2 Kh7 12. Nd4 $14) 9... Nbd7 $146
(9... Bg4) (9... e5 10. dxe6 Bxe6 11. Nd4 Bd7 12. Qd2 Nc6 {Palermo,V-Rossetto,
H Mar del Plata 1965 (1) 0-1}) 10. h3 c6 11. Qd2 (11. a4 Qa5 12. Qd2) 11... Kh7
12. Rad1 Qc7 13. Bf4 (13. Nd4 a6 14. f4 c5 $1 15. Nf3 {[%cal Ge4e5]} b5 16. e5
b4 (16... dxe5 17. fxe5) 17. Na4 dxe5 18. fxe5 Ne4 $132 {[%cal Ge4d2]}) 13...
a6 14. a4 cxd5 15. exd5 b6 {[%csl Rc6]} 16. Rfe1 {[%csl Re7]} (16. Nd4 Bb7 17.
Nc6 $5 Bxc6 (17... Nxd5 18. Nxd5 Qxc6 19. Bf3 Qxa4 20. b3 Qa5 21. Qxa5 bxa5 22.
Nxe7) 18. dxc6 Nb8 19. Nd5 Nxd5 20. Qxd5 Nxc6 21. c3 Ne5 22. Rfe1 Nd7 23. Bf3
$44 {[%csl Re7]}) 16... Bb7 17. Bf1 Rfe8 18. Re3 $1 {[%cal Gd1e1]} Rac8 19.
Rde1 Bf8 20. Rd3 (20. Nd4 $5 {[%csl Rc6]} Nxd5 (20... Bxd5 21. Bxa6) (20... Ra8
21. Nb3) 21. Nxd5 Bxd5 22. Bxa6) 20... Qb8 21. Rd4 Ng8 22. Ne4 Ne5 (22... Nc5
$142) 23. Re3 (23. Be2) (23. Nxe5 dxe5 24. Bg3 $14) 23... Nxf3+ 24. Rxf3 f5 25.
Bxh6 $3 {le sacrifice pose des problèmes concrets aux noirs а résoudre dans un
temps limité.} (25. Nc3 Bg7 (25... e5 26. dxe6 $5 Bxf3 27. gxf3 Rxe6 28. Bxa6
Rce8 29. Bc4 Re1+ 30. Kg2 $44) 26. Rb4 e5) 25... Bxh6 26. Ng5+ Bxg5 $2 (26...
Kg7 $142 $8 27. Ne6+ Kf7 28. Qe2 Nf6 29. c4 $44 {[%csl Ge6]}) 27. Qxg5 Rf8 28.
Bd3 $1 $40 e6 $2 29. Rg3 $2 (29. Rg4 $1 Rf6 30. Rxf5 $3 {C'est la différence
entre 29.Rg3 et Rg4} exf5 31. Bxf5 $3 Kh8 32. Bxg6 $18) 29... Rf6 $8 30. dxe6 (
30. Rh4+ Kg7 31. dxe6 Rc5 (31... Rxe6 $4 32. Qxf5)) 30... Rc5 (30... Be4 31.
Rxe4 $1) 31. Rf4 $2 (31. Rh4+ Kg7 32. Qh5 Rxe6 33. Qh7+ (33. Bxf5 $1 Rxf5 34.
Qxf5 Re1+ 35. Kh2 Ne7 36. Qf4 {[%csl Rh6]}) 33... Kf8 34. Rxg6 Rxg6 35. Qxg6)
31... Qe8 $1 $17 {les noirs ont réussi а ramener assez de pièces en défense}
32. Rh4+ Kg7 33. Qh5 Kf8 34. Qh8 Qxe6 35. Re3 Re5 (35... Qd5 {[%cal Gd5g2]} 36.
Rg3 Rc7 {[%csl Gg7,Gh7]}) 36. Bc4 (36. Rxe5 dxe5 37. Rh7) 36... Bd5 37. Bxd5
Qxd5 38. Rh7 Rf7 39. Rxf7+ Qxf7 40. Rxe5 dxe5 41. Qxe5 Qf6 42. Qb8+ Kf7 43. b4
Ne7 $19 {la réalisation technique ne pose pas trop de problèmes aux noirs.} 44.
g3 Qa1+ 45. Kg2 Qxa4 46. Qxb6 Qxc2 47. Qxa6 Qe4+ 48. Kh2 Qxb4 49. Qa2+ Kg7 50.
Qa1+ Kf7 51. Qa2+ Kf6 52. Qa1+ Ke6 53. Qa2+ Nd5 54. Qa6+ Qd6 55. Qc8+ Kf7 56.
Qc4 Qe6 57. Qh4 Nf6 58. Qf4 Ne4 59. Qc7+ Qe7 60. Qc4+ Kg7 61. Qa2 Qc5 62. Kg2
Qd4 63. Qc2 Kh6 64. Qa2 Nd2 65. Qg8 Qe4+ 66. Kh2 Nf3+ 67. Kg2 Nh4+ 68. Kf1 Qh1+
69. Ke2 Qf3+ {[%mdl 8704]} 0-1